| 000 | 01522cad a22002655a 4500 | ||
|---|---|---|---|
| 001 | L160114 | ||
| 008 | 100611s2009 xxk f 000 0 eng d | ||
| 035 | _a(Sirsi) u160114 | ||
| 041 | 0 | _aeng | |
| 110 | 2 | _aFederation International Des Geometres | |
| 111 | 2 |
_aFIG Regional Conference _bHanoi, Vietnam _d19-22 October 2009 |
|
| 245 | 0 | 0 |
_aMarine and Coastal Access Bill _bCoastal planning _h[electronic resource] |
| 260 |
_aHanoi _bFIG _c2009 |
||
| 520 | _aThe Marine and Coastal Access Bill provides for a new system of marine planning that will be a key tool in helping the UK Government deliver its vision for the Marine Environment. This Bill is set to steer a broad range of choice for decisions about the future of marine administration but central to reform is the adoption of a system of Marine Spatial Planning (MSP). Focussing on the coastal zone, this paper will outline how the Bill intends to improve planning and management upon the coastal zone, to deliver a range of benefits and resolve many of the current difficulties with marine decision-making notably success will be informed by marine spatial data. | ||
| 521 | _aAdvanced | ||
| 590 | _aKA | ||
| 650 | 2 | 4 | _aMARINE ENVIRONMENT |
| 650 | 2 | 4 | _aSPATIAL PLANNING |
| 650 | 2 | 4 | _aCOASTAL ZONE PLANNING |
| 651 | 4 | _aUnited Kingdom | |
| 690 |
_aGeospatial _96243 |
||
| 700 | 1 | _aDumashie, Diane | |
| 856 | 4 | 0 |
_uhttps://www.rics.org/Global/Downloads/RICS_FIG_Marine__Coastal_Access_Bill.pdf _zView the paper free of charge at www.rics.org |
| 942 | _n0 | ||
| 999 |
_c116229 _d116229 |
||